| 000 | 00554nam a22001817a 4500 | ||
|---|---|---|---|
| 999 |
_c193809 _d193809 |
||
| 005 | 20221117113738.0 | ||
| 010 | _aENG-135720 | ||
| 020 | _c200.00 | ||
| 035 | _aEN-119252 | ||
| 037 | _bDBAD/PUB | ||
| 082 | _a338.88 | ||
| 100 | _aSethi, Rajbir Singh | ||
| 245 |
_aManaging Cultural Diversity IN Internationalization of Business-A Study _cby Rajbir Singh Sethi |
||
| 260 |
_aNew Delhi _bMehram Publications Pvt Ltd _c2010 |
||
| 270 |
_aMohali Nabha _bNew Delhi |
||
| 300 |
_aviii, 112p. _c22cm(hb) |
||
| 942 |
_2ddc _cEN _mSET _h338.88 |
||